00878nam a2200241 a 4500003000600000005001700006008004100023020002100064040001000085050002100095245017300116250001100289260004400300300005500344500001700399504003800416650002000454650003000474700002900504700004200533700002500575700003600600UkOxU20220218090535.0951025s1995 enka 001 0 eng d a0412391600 (set) cUkOxU 0aRG626b.D57 199510aDiseases of the fetus and newborn :bpathology, imaging, genetics and management /cedited by G.B. Reed, A.E. Claireaux and F. Cockburn ; with G.G. Ashmead ... [et al.] a2nd ed aLondon :bChapman & Hall Medical,c1995 a2 v. , xlvii, 1590 p. :bill. (some col.) ;c29 cm a1st ed. 1989 aIncludes bibliographies and index 0aFetusxDiseases 0aNewborn infantsxDiseases1 aReed, G. B.q(George B.)1 aClaireaux, A. E.q(Albert E.),d1919-1 aCockburn, Forrester.1 aAshmead, Graham Gaylord,d1951-